000 01108nam a22002297a 4500
001 000209573
003 AM-YeHGA
005 20250617124125.0
008 991027s1986 ru ||||| |||| 00| 0 rus d
040 _aAM-YeHGA
041 0 _arus
245 0 0 _aЭкологические исследования донных организмов Белого моря :
_bСборник научных трудов (проект "Белое море") /
_cАН СССР. Зоологический ин-т ; Секция по белому морю ихтиологической комиссии ; Гл. ред. О.А. Скарлато ; Ред вып. В.В. Ледяков, В.В. Луканин.
260 _aЛенинград :
_bЗоологического ин-та АН СССР,
_c1986.
300 _a140 с. :
_bил.
650 4 _aОбщая биология
700 1 0 _aСкарлато, О.А.
_4edt
_eред.
700 1 _aФедяков, В.В.
_4edt
700 1 _aЛуканин, В.В.
_4edt
710 2 _aЗоологический ин-т АН СССР
942 _2udc
_cBK
090 _c74269
999 _c73051
_d73051